000
00273nam a2200109 4500
008
160625b xxu||||| |||| 00| 0 eng d
100
_9
1202
_a
Corbett, S
245
_a
Grave Doubts
260
_a
Toronto
_b
Little Brown & Com
_c
1982
300
_a
Grave Doubts
942
_2
ddc
_c
BK
999
_c
977
_d
977